<?xml version="1.0" encoding="UTF-8"?>
<record
    xmlns:xsi="http://www.w3.org/2001/XMLSchema-instance"
    xsi:schemaLocation="http://www.loc.gov/MARC21/slim http://www.loc.gov/standards/marcxml/schema/MARC21slim.xsd"
    xmlns="http://www.loc.gov/MARC21/slim">

  <leader>02268nam a22002654i 4500</leader>
  <controlfield tag="001">991061425871506706</controlfield>
  <controlfield tag="005">20260512130658.0</controlfield>
  <controlfield tag="008">250825s2025    xxka|||| |||||0|| 0 eng|c</controlfield>
  <datafield tag="020" ind1=" " ind2=" ">
    <subfield code="a">9781292738086</subfield>
  </datafield>
  <datafield tag="040" ind1=" " ind2=" ">
    <subfield code="a">ES-BaUB</subfield>
    <subfield code="b">English</subfield>
    <subfield code="e">rda</subfield>
    <subfield code="c">ES-BaUB</subfield>
  </datafield>
  <datafield tag="041" ind1=" " ind2=" ">
    <subfield code="a">English</subfield>
  </datafield>
  <datafield tag="100" ind1=" " ind2=" ">
    <subfield code="a">Chaffey, Dave</subfield>
    <subfield code="d">1963-</subfield>
    <subfield code="e">author</subfield>
  </datafield>
  <datafield tag="245" ind1="1" ind2="0">
    <subfield code="a">Digital marketing </subfield>
    <subfield code="c">/ Dave Chaffey, Fiona Ellis-Chadwick with Majd Abedrabbo</subfield>
  </datafield>
  <datafield tag="250" ind1=" " ind2=" ">
    <subfield code="a">Ninth edition</subfield>
  </datafield>
  <datafield tag="264" ind1=" " ind2="1">
    <subfield code="a">Harlow, England :</subfield>
    <subfield code="b">Pearson Education Limited,</subfield>
    <subfield code="c">2025</subfield>
  </datafield>
  <datafield tag="300" ind1=" " ind2=" ">
    <subfield code="a">xxvii, 548 pages:</subfield>
    <subfield code="b">illustrations in color ;</subfield>
    <subfield code="c">27 cm</subfield>
  </datafield>
  <datafield tag="500" ind1=" " ind2=" ">
    <subfield code="a">Title in previous editions: "Internet Marketing: Strategy, Implementation and Practice" and "Digital Marketing: Strategy, Implementation and Practice".</subfield>
  </datafield>
  <datafield tag="504" ind1=" " ind2=" ">
    <subfield code="a">Inclou refer&#xE8;ncies bibliogr&#xE0;fiques, &#xED;ndex i glossari</subfield>
  </datafield>
  <datafield tag="505" ind1=" " ind2=" ">
    <subfield code="a">Part 1 &#x2014; Digital marketing fundamentals
&#x2014; Introducing digital marketing
&#x2014; Online marketplace analysis: micro-environment
&#x2014; Digital customer behaviour

Part 2 &#x2014; Digital marketing strategy development
&#x2014; Digital marketing strategy
&#x2014; Digital branding and the marketing mix
&#x2014; Data-driven relationship marketing using digital platforms

Part 3 &#x2014; Digital marketing: implementation and practice
&#x2014; Delivering the digital customer experience
&#x2014; Campaign planning for digital media
&#x2014; Marketing communications using digital media channels
&#x2014; Evaluation and improvement of digital channel performance.</subfield>
  </datafield>
  <datafield tag="520" ind1=" " ind2=" ">
    <subfield code="a">Explore how to create effective digital marketing strategies with this student-focused textbook. Digital Marketing by Chaffey and Ellis-Chadwick is a comprehensive guide that bridges theory and practice. Learn how digital data and analytics transform communication, personalize marketing, and consider privacy and security. This book combines academic models and practical skills to prepare you for the digital marketing world. Gain insights into how to assess using generative AI tools in marketing for impact.

This edition includes a Companion Website: https://media.pearsoncmg.com/intl/ema/ema_uk_he_chaffey_digmark_9/cw/index.php</subfield>
  </datafield>
  <datafield tag="650" ind1=" " ind2="0">
    <subfield code="a">Digital Marketing</subfield>
    <subfield code="9">25727</subfield>
  </datafield>
  <datafield tag="700" ind1=" " ind2=" ">
    <subfield code="a">Ellis-Chadwick, Fiona</subfield>
    <subfield code="e">author</subfield>
    <subfield code="9">21683</subfield>
  </datafield>
  <datafield tag="700" ind1=" " ind2=" ">
    <subfield code="a">Abedrabbo, Majd,</subfield>
    <subfield code="e">author</subfield>
    <subfield code="9">25911</subfield>
  </datafield>
  <datafield tag="942" ind1=" " ind2=" ">
    <subfield code="2">lcc</subfield>
  </datafield>
  <datafield tag="952" ind1=" " ind2=" ">
    <subfield code="0">0</subfield>
    <subfield code="1">0</subfield>
    <subfield code="2">lcc</subfield>
    <subfield code="4">0</subfield>
    <subfield code="7">0</subfield>
    <subfield code="a">TBS</subfield>
    <subfield code="b">TBS</subfield>
    <subfield code="d">2025-09-17</subfield>
    <subfield code="l">1</subfield>
    <subfield code="o">HF5415.1265 CHA</subfield>
    <subfield code="p">B07706</subfield>
    <subfield code="q">2025-12-11</subfield>
    <subfield code="r">2025-11-11</subfield>
    <subfield code="s">2025-11-11</subfield>
    <subfield code="t">1</subfield>
    <subfield code="w">2025-09-17</subfield>
    <subfield code="y">1</subfield>
  </datafield>
  <datafield tag="999" ind1=" " ind2=" ">
    <subfield code="c">4959</subfield>
    <subfield code="d">4959</subfield>
  </datafield>
</record>
